|
|
|
|
| LEADER |
01217nam a2200301 u 4500 |
| 001 |
10017649 |
| 003 |
upatras |
| 005 |
20210117205117.0 |
| 008 |
881025s1997 ne eng |
| 020 |
|
|
|a 0792347242
|
| 040 |
|
|
|a GR-PaULI
|c GR-PaULI
|
| 041 |
0 |
|
|a eng
|
| 082 |
0 |
4 |
|a 515.353
|
| 100 |
1 |
|
|a Pap, Endre
|9 140026
|
| 245 |
1 |
0 |
|a Partial differential equations through examples and exercises
|c Endre Pap, Arpad Takaci, Djurdjica Takaci
|
| 260 |
|
|
|a Dordrecht
|b Kluwer Academic Publishers
|c 1997
|
| 300 |
|
|
|a xii, 404 p.
|c 25 cm
|
| 490 |
0 |
|
|a Kluwer texts in the mathematical sciences
|v 18
|
| 505 |
1 |
|
|a Includes bibliography and index
|
| 650 |
|
4 |
|9 130
|a Εξισώσεις, Διαφορικές
|
| 650 |
|
4 |
|9 130
|a Εξισώσεις, Διαφορικές
|
| 700 |
1 |
|
|a Takaci, Arpad
|9 137809
|
| 700 |
1 |
|
|a Takaci, Djurdjica
|9 137810
|
| 760 |
1 |
|
|a Kluwer texts in the mathematical sciences
|g 18
|
| 852 |
|
|
|a GR-PaULI
|b ΠΑΤΡΑ
|b ΒΚΠ
|b ΒΣ1
|k ΑΣΧΞ-12
|h 515.353 P
|m 35563
|p 025000039886
|t 1
|
| 942 |
|
|
|2 ddc
|c BK15
|
| 952 |
|
|
|0 0
|1 0
|4 0
|6 515_353000000000000_P
|7 0
|9 169107
|a LISP
|b LISP
|c BSC
|d 2016-04-24
|i 35563
|l 2
|m 1
|o 515.353 P
|p 025000039886
|r 2017-09-13 00:00:00
|s 2017-06-28
|t 1
|w 2016-04-24
|y BK15
|
| 999 |
|
|
|c 105765
|d 105765
|